000 00630nam a22001817a 4500
005 20250121113232.0
010 _aENG-143446
020 _a9788996208488
_c550.00
035 _aEN-126978
037 _bDBAD
082 _a499.156
100 _aWorld Institute of Kimchi
_976792
245 _aHumanistic Understanding of Kimchi and Kimjang Culture/
_cBy World Institute of Kimchi,
260 _aKorea
_bWorld Institute of Kimchi
_c2014
270 _a86 Kimchi -Ro, Man-gu, Gwangju City
_bKorea
_mwww.wikim.re.kr
_k82626101700
_l82626101850
300 _a273p.
_bIndex
_c23cm(hb)
942 _2ddc
_cEN
_mHUM
_h499.156
999 _c208631
_d208631